000 00456nam a22001457a 4500
020 _qHard Cover.
040 _cSINES-NUST.
082 _a570.2-Naz
100 _aAmmara Naz.
_991008
245 _aMolecular Modeling Guided Protocol for the Drug Repurposing against Triple Negative Breast Cancer (TNBC) /
_cNaz, Ammara
260 _aIslamabad:
_bSINES-NUST,
_c2021.
300 _a95 p. :
_bill. ;
_c30cm.
650 _2MS-Bioinformatics.
942 _2ddc
_cTHE
999 _c589207
_d589207